Quiz Cultura Generale - Quiz n°95 - Statistics

Statistiche generali
  • Questo quiz è stato fatto 136 volte
  • Il punteggio medio è 8 su 15
Statistiche sulle risposte
Domanda Risposta % Corretto
Come si traduce la parola inglese "parent"'? Genitore
87%
Qual era il nome di Machiavelli? Niccolò
83%
Quale dei seguenti numeri è divisibile per 7: 101, 157 e 98? 98
81%
Quale regione si trova all'estremo occidentale italiano? Piemonte
80%
In quale regione francese si trova Ajaccio? Corsica
79%
Quante vertebre cervicali sono presenti nello scheletro umano? 7
73%
Quanti assoni sono presenti per ogni neurone? 1
64%
Quale figura solida si ottiene dalla rotazione di un rettangolo attorno ad un suo lato? Cilindro
62%
Da quale golfo prende il nome la corrente oceanica denominata "Corrente del Golfo"'? Golfo del Messico
56%
Dove si trova la sede internazionale della FAO (Food and Agricolture Organization)? Roma
42%
Per cosa sta la A nella sigla della NATO? Atlantic
40%
Chi scrisse la tragedia de "Il Conte di Carmagnola"? Alessandro Manzoni
26%
In quale anno avvenne il Colpo di stato del 18 di Brumaio? 1799
17%
Chi ha composto il dramma musicale "Tristano e Isotta"? Richard Wagner
12%
Dove si svolse la battaglia decisiva della Guerra franco-prussiana del 1870? Sedan
12%
Nessun quiz corrispondente trovato
Distribuzione punteggi
Percentuale di utenti per punteggio
Percentile per numero di risposta
I tuoi punteggi nel tempo
Non hai fatto questo quiz